| 000 | 00534nam a2200157 i 4500 | ||
|---|---|---|---|
| 001 | 81858 | ||
| 003 | ES-MaACL | ||
| 005 | 20230906174527.0 | ||
| 007 | t| | ||
| 008 | 041108s1968 sp ||||1| spa d | ||
| 100 | 1 |
_aIglesias, Juan. _965083 |
|
| 245 | 1 | 0 |
_aRelectio de Iure de "Ius" al Derecho _b: discurso pronunciado el 30 de octubre de 1967 / _cpor Juan Iglesias. |
| 260 |
_a[Madrid] : _bColegio Mayor de San Pablo y Centro de Estudios Universitarios, _c[1968] |
||
| 300 |
_a24 cm ; _c30 cm. |
||
| 852 |
_aES-MaACL _jC-35743 _bR.66952 |
||
| 999 |
_c81858 _d81858 |
||